00258nam a22000977a 4500082001700000100001900017245006300036260004200099300001100141563000800152 a340.072bSAM aSami Ur Rahman aBasic Concepts of Legal Research Methods /cSami Ur Rahman aRawalpindi:bFederal Law House,cN.A. a215 p. aPB.